00997cam a22002891i 4500001001300000003000400013005001700017008004100034010001700075035001900092040002100111042001200132043001200144050002200156051002500178100004900203245008700252260004300339300006000382490004600442500004800488500006100536500002000597650001400617650002400631810005200655gs 06000396 DLC20260227111303.0790223s1905 dcuabf f001 0 eng  ags 06000396  a(OCoLC)4684612 aDLCcICharEdDLC apremarc an-us-wi00aQE75b.B9 no. 273 aQE179b.A35cCopy 2.1 aAlden, William C.q(William Clinton),d1871-14aThe drumlins of southeastern Wisconsin (preliminary paper) /cby William C. Alden. aWashington,bGovt. Print. Off.,c1905. a46, iii p. :bix pl. (incl. fold. map) diagrs.;c24 cm.1 aU.S. Geological survey. Bulletinvno. 273 aSubject series: B, Descriptive geology, 76. aIssued also as House doc. no. 206, 59th Cong., 1st sess. aIncludes index. 0aDrumlins. 0aGeologyzWisconsin.2 aGeological Survey (U.S.).tBulletin ;vno. 273.